-
KINDT, THOMAS J., GOLDSBY, RICHARDA .,AND OSBORNE, BARBARA A
Entry Personal Name
Number of records used in: 1
001 - CONTROL NUMBER
003 - CONTROL NUMBER IDENTIFIER
005 - DATE AND TIME OF LATEST TRANSACTION
- control field:
20230403150811.0
008 - FIXED-LENGTH DATA ELEMENTS
- fixed length control field:
230403|| aca||aabn | a|a d
040 ## - CATALOGING SOURCE
- Original cataloging agency:
JRU
- Transcribing agency:
JRU
100 ## - HEADING--PERSONAL NAME
- Personal name:
KINDT, THOMAS J., GOLDSBY, RICHARDA .,AND OSBORNE, BARBARA A
670 ## - SOURCE DATA FOUND
- Source citation:
Work cat.: (JRU)8264: KINDT, THOMAS J., GOLDSBY, RICHARDA .,AND OSBORNE, BARBARA A. , KUBY IMMUNOLOGY, 2022